00530nam a2200169Ia 4500008004100000082001500041100002700056245006700083250000800150260002500158300001300183500002400196650001200220942000700232952010400239999001700343230524s9999 xx 000 0 und d a406.3bGOV aB.Govindarajalu910345 0a"IBM PC and Clones (Hardware, Troubleshooting and maintenance" a2ND aNEW DELHIbTMHc1998 aXXIV;732 aQuantity Number: 1 aComp-Sc cBK 00104070aTATCLbTATCLcGENd2023-05-24l0o406.3 GOVp7942r2023-05-24w2023-05-24yBKzHSSM4103 c14291d14291